cliquez sur les pays du monde - Statistiques

Statistiques générales
  • Ce quiz a été pris 1 390 fois
  • Le résultat moyen est 29 sur 196
Réponses sur la Carte
Les réponses sont colorées sur une échelle allant du rouge au vert en fonction du pourcentage des utilisateurs qui les ont devinées à leur premier essai. Vous pouvez retrouver ces pourcentages ci-dessous.
 
Statistiques - réponses
Réponse % Correct
Australie
23%
Corée du Nord
23%
Irlande
23%
Portugal
23%
Danemark
22%
Égypte
22%
Grèce
22%
Inde
22%
Japon
22%
Maroc
22%
Nouvelle-Zélande
22%
Allemagne
21%
Bangladesh
21%
Chine
21%
Corée du Sud
21%
Espagne
21%
États-Unis
21%
Italie
21%
Mexique
21%
Pays-Bas
21%
Philippines
21%
Pologne
21%
Royaume-Uni
21%
Russie
21%
Afrique du Sud
20%
Algérie
20%
Argentine
20%
Brésil
20%
Canada
20%
Cap-Vert
20%
Indonésie
20%
Libye
20%
Madagascar
20%
Mali
20%
Malte
20%
Norvège
20%
Pérou
20%
Soudan
20%
Suisse
20%
Turquie
20%
Arabie saoudite
19%
Autriche
19%
Belgique
19%
Chili
19%
Croatie
19%
Équateur
19%
Estonie
19%
Finlande
19%
Islande
19%
Lituanie
19%
Malaisie
19%
Mongolie
19%
Nigeria
19%
Roumanie
19%
Soudan du Sud
19%
Suède
19%
Syrie
19%
Tunisie
19%
Ukraine
19%
Uruguay
19%
Belize
18%
Biélorussie
18%
Bolivie
18%
Colombie
18%
Cuba
18%
Émirats arabes unis
18%
France
18%
Iran
18%
Kazakhstan
18%
Mauritanie
18%
Népal
18%
Panama
18%
Papouasie-Nouvelle-Guinée
18%
Paraguay
18%
République tchèque
18%
Somalie
18%
Thaïlande
18%
Venezuela
18%
Bahamas
17%
Birmanie
17%
Chypre
17%
Comores
17%
Érythrée
17%
Éthiopie
17%
Hongrie
17%
Irak
17%
Lettonie
17%
Macédoine du Nord
17%
Maurice
17%
Oman
17%
Pakistan
17%
République démocratique du Congo
17%
Tchad
17%
Albanie
16%
Cambodge
16%
Guyana
16%
Maldives
16%
Niger
16%
Qatar
16%
République centrafricaine
16%
Serbie
16%
Seychelles
16%
Sri Lanka
16%
Suriname
16%
Turkménistan
16%
Viêt Nam
16%
Yémen
16%
Angola
15%
Azerbaïdjan
15%
Côte d'Ivoire
15%
Haïti
15%
Koweït
15%
Namibie
15%
Ouzbékistan
15%
République dominicaine
15%
Slovaquie
15%
Tanzanie
15%
Arménie
14%
Bosnie-Herzégovine
14%
Cameroun
14%
Ghana
14%
Laos
14%
Micronésie
14%
Moldavie
14%
Ouganda
14%
Salvador
14%
Sao Tomé-et-Principe
14%
Sénégal
14%
Slovénie
14%
Afghanistan
13%
Bhoutan
13%
Botswana
13%
Bulgarie
13%
Burkina Faso
13%
Costa Rica
13%
Djibouti
13%
Eswatini
13%
Géorgie
13%
Guinée
13%
Guinée équatoriale
13%
Honduras
13%
Kenya
13%
Kiribati
13%
Kosovo
13%
Lesotho
13%
Mozambique
13%
République du Congo
13%
Zambie
13%
Guatemala
12%
Kirghizistan
12%
Luxembourg
12%
Malawi
12%
Monténégro
12%
Bénin
11%
Gabon
11%
Jordanie
11%
Libéria
11%
Rwanda
11%
Sierra Leone
11%
Zimbabwe
11%
Israël
10%
Jamaïque
10%
Liban
10%
Nicaragua
10%
Tadjikistan
10%
Burundi
9%
Guinée-Bissau
9%
Îles Marshall
9%
Iles-Salomon
9%
Timor oriental
9%
Togo
9%
Fidji
8%
Nauru
8%
Palaos
8%
Vanuatu
7%
Brunei
5%
Gambie
5%
Palestine
5%
Samoa
5%
Tonga
5%
Tuvalu
5%
Trinité-et-Tobago
2%
Andorre
1%
Saint-Vincent-et-les-Grenadines
1%
Singapour
1%
Antigua-et-Barbuda
0%
Bahreïn
0%
Barbade
0%
Dominique
0%
Grenade
0%
Liechtenstein
0%
Monaco
0%
Saint-Christophe-et-Nièvé
0%
Sainte-Lucie
0%
Saint-Marin
0%
Vatican
0%
Aucun quiz correspondant
Distribution des résultats
% des personnes avec chaque résultat
Percentile par nombre de réponses
Votre historique - résultats
Vous n’avez pas pris ce quiz